[Event "ARG-chT"]
[Site "Villa Martelli"]
[Date "2014.10.04"]
[Round "6.3"]
[White "Brea, Emanuel"]
[Black "Flores, Nancy"]
[Result "1/2-1/2"]
[WhiteElo "1971"]
[BlackElo "1989"]
[PlyCount "97"]
[EventDate "2014.08.30"]
[EventType "team-tourn"]
[EventRounds "9"]
[EventCountry "ARG"]
[SourceTitle "EXT 2015"]
[Source "ChessBase"]
[SourceDate "2014.11.20"]
[SourceVersion "1"]
[SourceVersionDate "2014.11.20"]
[SourceQuality "1"]
[WhiteTeam "Tacticos y Estrategas"]
[BlackTeam "Club Argentino"]
[WhiteTeamCountry "ARG"]
[BlackTeamCountry "ARG"]

1. d4 Nf6 2. c4 g6 3. Nc3 d5 4. Nf3 Bg7 5. Bg5 Ne4 6. Bh4 Nxc3 7. bxc3 c5 8. cxd5 Qxd5 9. e3 cxd4 10. cxd4 Nc6 11. Be2 0-0 12. 0-0 Bf5 13. Qb3 Qd7 14. Rac1 e6 15. Rfd1 Be4 16. Nd2 Bd5 17. Qa3 f5 18. Nb3 Qf7 19. f4 h6 20. Na5 g5 21. Bg3 gxf4 22. Bxf4 Qg6 23. g3 Rfe8 24. Nxc6 bxc6 25. Qd6 Bf8 26. Qc7 Re7 27. Qa5 h5 28. Kf2 Bg7 29. Bd6 Rb7 30. Qc3 Rd8 31. Bf4 h4 32. Rg1 Qh7 33. Bf3 Bxf3 34. Kxf3 Qh5+ 35. Kf2 Rc8 36. Rb1 Rxb1 37. Rxb1 c5 38. Qc4 Rc6 39. d5 hxg3+ 40. Bxg3 f4 41. dxc6 fxg3+ 42. hxg3 Qf5+ 43. Kg2 Qxb1 44. Qxe6+ Kh7 45. Qh3+ Kg6 46. Qe6+ Kh7 47. Qh3+ Kg6 48. Qe6+ Kh7 49. Qh3+ 1/2-1/2